World's Most expensive Cities to live - Statistics

General Stats
  • This quiz has been taken 125 times
  • The average score is 9 of 10
Answer Stats
Hint Answer % Correct
France Paris
99%
United States New York
98%
Singapore Singapore
98%
United States Los Angeles
95%
Denmark Copenhagen
94%
Israel Tel Aviv
92%
Switzerland Zurich
92%
United States San Francisco
89%
China Hong Kong
87%
Switzerland Geneva
85%
No matching quizzes found
Score Distribution
Percent of People with Each Score
Percentile by Number Answered
Your Score History
You have not taken this quiz